000 00583nam a2200193Ia 4500
003 GCL
008 140319s9999 xx 000 0 ara d
040 _aGCL /
_cGCL
082 0 4 _a245
_bع ك
100 1 _aعبدالكريم الشهرستانى
245 1 0 _aكتاب نهاية الاقدام فى علم الكلام /
_cعبدالكريم الشهرستانى
260 _a[S.N] :
_bجامعة اكسفورد ،
_c1934
300 _aمتعدد
490 _a
650 0 4 _aالاسلام
650 0 4 _aالعقائد
650 0 4 _aعلم الكلام
942 _2ddc
_cBK
999 _c31828
_d31828